| 000 | 02376nam0a2200397 4500 | ||
|---|---|---|---|
| 001 | RU\NLR\bibl\1216111 | ||
| 005 | 20260407075718.0 | ||
| 010 |
_a978-5-9597-0061-4 _9200 |
||
| 021 |
_aRU _b2008-13608 _9740 |
||
| 035 | _a(nilc)EL/0000168595 | ||
| 035 | _a(NLR Aleph) 001202492 | ||
| 090 |
_a1781180 _c1781180 |
||
| 100 | _a20080122d2007 |||y0rusy50 ca | ||
| 101 | 0 | _arus | |
| 102 | _aRU | ||
| 105 | _aa ||||||||| | ||
| 200 | 1 |
_aПоволжье - "внутренняя окраина" России _eгосударство и общество в освоении новых территорий _e(конец XVI - начало XX вв.) _f[Дубман Э.Л., Кабытов П.С., Смирнов Ю.Н. и др. _gнауч. ред.: докторара ист. наук, профессора Э.Л. Дубман и П.С. Кабытов] _gФедер. агентство по образованию, Гос. образоват. учреждение высш. проф. образования "Самар. гос. ун-т", ООО "Ин-т истории и археологии Поволжья" |
|
| 210 |
_aСамара _cСамарское отделение Литфонда _d2007 |
||
| 215 |
_a327 с. _cил. _d21 |
||
| 225 | 1 |
_aСерия "Юго-восток европейской России: проблемы, поиски, решения" _vвып. 2 |
|
| 300 | _aАвт. указаны на обороте тит.л. | ||
| 320 | _aБиблиогр. в подстроч. примеч. | ||
| 607 |
_aПоволжье _xИстория _91034429 _3RU\NLR\auth\6679532 |
||
| 686 |
_a63.3(235.54) _vLBC/M _2rubbk |
||
| 686 | _aТ3(2Р35) | ||
| 701 | 1 |
_4070 _8rus _7ca _aДубман _bЭ.Л. _f1950- _gЭдуард Львович _3RU\NLR\AUTH\7723667 _96720 |
|
| 701 | 1 |
_4070 _8rus _7ca _aКабытов _bП. С. _f1941- _gПетр Серафимович _3RU\NLR\AUTH\776166 _9116121 |
|
| 701 | 1 |
_4070 _8rus _7ca _aСмирнов _bЮ. Н. _cд-р ист. наук _f1955- _gЮрий Николаевич _3RU\NLR\AUTH\7716620 _9126256 |
|
| 712 | 0 | 2 |
_4570 _aСамарский государственный университет _3RU\NLR\AUTH\884519 _9280558 |
| 801 | 0 |
_aRU _bГПИБ России _c20080122 _grcr |
|
| 801 | 1 |
_aRU _bГПИБ России _c20080122 |
|
| 801 | 2 |
_aRU _bNLR _c20080416 _grcr |
|
| 942 | _cBOOK | ||
| 980 | _aNB | ||